000 00512nam a22001697a 4500
003 BD-DhUL
005 20171107120503.0
008 171107snd. ii ||||| |||| 00| 0 per d
040 _aBD-DhUL
_cBD-DhUL
082 _a891.551
_bABD
100 0 _aعبد القادر جیلانی
245 0 _aدیوان غوث حضرت اعظم /
_cعبد القادر جیلانی
260 _aکانپور :
_bمطبع منشی،
_c۔
300 _aص۔ ۵۶ ؛
_c۲۰ سم۔
650 0 _aPersian poetry
942 _2ddc
_cBK
999 _c231813
_d231813